LEADER 01220nam a2200193 i 4500 001 000000235232 003 CaOOAMICUS 005 20141031000000.0 008 141031s1788 xx u000 u lat u 013 $a214135 026 $au-is n-o- u*a- 37be (3) 1788 (R) 040 $aSeMil$bita 245 10$aTomus decimus quintus continens auctoris nostri opuscula miscellanea nunc primum edita, atque in unum corpus collecta. 300 $aVIII, 158, [2] p., III carte di tav. :$bill. calcogr. 500 $aSegn. : a4 A-V4. 773 0 $aBenedictus XIV $tBenedicti 14. Pont. Opt. Max. olim Prosperi Cardinalis de Lambertinis Opera omnia in unum corpus collecta, et nunc primum in quindecim tomos distributa.$bEditio novissima anteactis omnibus auctior, castigatior, et meliori ordine disposita.Additis praeterea tribus integris voluminibus, ...$dVenetiis : Sumptibus Josephi Remondini, Antonii Zattae & filiorum, 1788-1789.$g15$w()30803 850 $aSeMil 852 $aSeMil$W1$xVenegono$y1$m2A VIII 52 FA$j185578$B185578$CSeMilBibl$Z2$F196482 $8I 996 $6245$aTomus decimus quintus continens auctoris nostri opuscula miscellanea nunc primum edita, atque in unum corpus collecta$9(OLS)http://semarc/title/335449 LEADER 01117nam a2200277 i 4500 001 000000050592 003 CaOOAMICUS 005 20190926110933.0 008 091104s1965 it u000 u ita u 013 $a21763 040 $aSeMil$bita 100 1 $aSchiralli, Michele.$0(OLS)http://semarc/name/25047 245 10$aNatura e dimensioni della catechesi parrocchiale /$cMichele Schiralli. 264 1$aRoma :$bPaoline,$c1965. 300 $a412 p. ;$c19 cm. 490 0 $aBiblioteca di cultura religiosa. 2. serie ;$v145. 541 1 $aFondo Card. Carlo Maria Martini 650 4$aParrocchia - Catechesi.$0(OLS)http://semarc/subject/44111 650 4$aCatechesi.$0(OLS)http://semarc/subject/3693 830 0$aBiblioteca di cultura religiosa. 2. serie ;$v145.$0(OLS)http://semarc/title/11727 850 $aSeMil 852 $aSeMil$W1$xVenegono$y1$m2F I 158$j16747$B16747$CSeMilBibl$Z2$F16747 $81 941 1 $a4 996 $6245$aNatura e dimensioni della catechesi parrocchiale$9(OLS)http://semarc/title/77243 996 $6264$aRoma :$bPaoline$9(OLS)http://semarc/publisher/29686